[Event "VEM Münsterland 2023"]
[Site "Emsdetten"]
[Date "2023.06.08"]
[Round "1"]
[White "Müller, Achim"]
[Black "Schulze Schwering, Philipp"]
[Result "1/2-1/2"]
[WhiteElo "2103"]
[BlackElo "2005"]

1. e4 c6 2. d4 d5 3. exd5 cxd5 4. Bd3 Nc6 5. c3 Nf6 6. h3 e5 7. dxe5 Nxe5 8.
Bb5+ Nc6 9. Nf3 a6 10. Ba4 Bd6 11. Qe2+ Qe7 12. Qxe7+ Kxe7 13. Be3 Be6 14. Nbd2
Rhd8 15. Bb6 Rdc8 16. Rd1 Nd7 17. Bd4 Nxd4 18. Nxd4 Ne5 19. Bc2 h6 20. O-O Rd8
21. Rfe1 Kf6 22. Re3 Rac8 23. Bb3 Bb8 24. Rde1 Re8 25. f4 Nc6 26. Bxd5 Nxd4 27.
cxd4 Bxf4 28. Rf1 Bxd5 29. Rxf4+ Kg6 30. Rg3+ Kh7 31. Nf3 Rc1+ 32. Kh2 Rc2 33.
Ne5 f6 34. Nd7 Rd8 35. Nc5 Rxb2 36. a3 a5 37. Rfg4 g5 38. Rc3 h5 39. Rgg3 h4
40. Rg4 Kg6 41. Nd3 Rd2 42. Nf4+ Kh6 43. Nxd5 Rxd5 44. Re4 R5xd4 45. Rxd4 Rxd4
46. Rc5 Ra4 47. Rb5 Rxa3 48. Rxb7 Ra2 49. Kg1 Kg6 50. Rb5 a4 51. Ra5 a3 52. Kf1
Ra1+ 53. Kf2 a2 54. Ra7 g4 55. hxg4 Kh6 56. Ra5 Kg7 57. Ra7+ Kf8 58. Ra8+ Ke7
59. Ra6 Kd7 60. Ra5 Kd6 61. Ra8 Ke5 62. Ra4 Kd6 63. Ra8 Ke5 64. Ra7 Kd4 65.
Ra4+ Ke5 66. Ra6 Kd4 67. Ra3 Ke4 68. Ra4+ Ke5 69. Ra6 Kf4 70. Rxf6+ Kxg4 71.
Ra6 Kf4 72. Ra4+ Ke5 73. Ra8 Kd4 74. Ra7 Kc5 75. Ra8 Kb6 76. Ra3 Kb5 77. Ra8 h3
78. Kg3 hxg2 79. Kxg2 Kb6 1/2-1/2

[Event "VEM Münsterland 2023"]
[Site "Emsdetten"]
[Date "2023.06.08"]
[Round "1"]
[White "Wenning, Niels"]
[Black "Molinaroli, Martin"]
[Result "1/2-1/2"]
[WhiteElo "1930"]
[BlackElo "2101"]

1. e4 c6 2. Nf3 d5 3. Nc3 dxe4 4. Nxe4 Nf6 5. Qe2 Nxe4 6. Qxe4 Nd7 7. Bc4 Nf6
8. Ne5 e6 9. Qe2 Be7 10. c3 O-O 11. d4 c5 12. dxc5 Bxc5 13. O-O a6 14. Bg5 Be7
15. Rad1 Qe8 16. Rd3 Nd5 17. Bc1 f6 18. Ng4 Bc5 19. Re1 Qf7 20. Qf3 Kh8 21.
Bxd5 exd5 22. Qxd5 Bxg4 23. Qxc5 Rac8 24. Qa5 Rfe8 25. Rxe8+ Rxe8 26. Rd8 Qe7
27. Rxe8+ Qxe8 28. Be3 Bd7 29. Qc5 Bc6 30. Qd4 h6 31. Qd3 Qe6 32. a3 Qg4 33.
Qf1 Bxg2 34. Qxg2 Qd1+ 35. Qf1 Qg4+ 36. Kh1 Qf3+ 37. Kg1 1/2-1/2

[Event "VEM Münsterland 2023"]
[Site "Emsdetten"]
[Date "2023.06.08"]
[Round "1"]
[White "Junk, Phillip"]
[Black "Lerke, Bernd"]
[Result "1-0"]
[WhiteElo "2097"]
[BlackElo "1921"]

1. e4 c5 2. Nf3 e6 3. c3 d5 4. exd5 Qxd5 5. d4 cxd4 6. cxd4 Nf6 7. Nc3 Qd8 8.
Bd3 Be7 9. O-O Nc6 10. Re1 O-O 11. a3 Kh8 12. Bc2 Re8 13. Qd3 g6 14. Bg5 Nd5
15. Bxe7 Rxe7 16. Rad1 Rd7 17. Ba4 Nxc3 18. Qxc3 Kg8 19. d5 exd5 20. Bxc6 bxc6
21. Nd4 Rc7 22. Nxc6 Qd6 1-0

[Event "VEM Münsterland 2023"]
[Site "Emsdetten"]
[Date "2023.06.08"]
[Round "1"]
[White "Meyer, Ulrich"]
[Black "Baumann, Stephan"]
[Result "0-1"]
[WhiteElo "1857"]
[BlackElo "2066"]

1. d4 Nf6 2. Bg5 e6 3. Nf3 c5 4. c3 d5 5. Nbd2 Nc6 6. e3 Bd6 7. Bd3 O-O 8. O-O
e5 9. dxe5 Nxe5 10. Nxe5 Bxe5 11. f4 Bc7 12. e4 c4 13. e5 cxd3 14. exf6 Re8 15.
Nb3 Bf5 16. Kh1 Qd7 17. Nd4 Be4 18. Qh5 Bb6 19. Bh4 Bxd4 20. cxd4 Qf5 21. Qg5
Qxf6 22. Qxf6 gxf6 23. Be1 Bf5 24. Bc3 Re2 25. Kg1 Rae8 26. Rad1 Rc2 27. Rd2
Rc8 28. Rdf2 Bg4 29. Rxc2 dxc2 30. Rc1 Bd1 31. Kf2 Re8 32. h3 Kg7 33. a4 Kg6
34. g4 Re4 35. Kg3 Re3+ 36. Kg2 Re2+ 37. Kg3 Re3+ 38. Kg2 Re2+ 39. Kg3 f5 40.
Bb4 Re3+ 41. Kg2 Re4 42. Bc3 Rxf4 43. Kg3 Re4 44. gxf5+ Kxf5 45. Ra1 Re2 0-1

[Event "VEM Münsterland 2023"]
[Site "Emsdetten"]
[Date "2023.06.08"]
[Round "1"]
[White "Gesing, Felix"]
[Black "Boldrick, Marcel"]
[Result "1-0"]
[WhiteElo "2045"]
[BlackElo "1746"]

1. Nf3 Nf6 2. g3 d5 3. Bg2 c5 4. O-O Nc6 5. d3 g6 6. Nbd2 Bg7 7. e4 d4 8. a4
O-O 9. Nc4 Be6 10. b3 Bxc4 11. bxc4 Nd7 12. h4 h6 13. Nh2 e5 14. f4 exf4 15.
Bxf4 Nde5 16. Bh3 g5 17. hxg5 hxg5 18. Bd2 f6 19. Be6+ Nf7 20. Qh5 Qd6 21. Qh3
Ne5 22. Kg2 Rfe8 23. Bd5 Rab8 24. Qh5 Re6 25. Bxe6 Qxe6 26. Qh3 g4 27. Qh5 Kf8
28. Bf4 Ke7 29. Qh7 Kf8 30. Qf5 Re8 31. Qxe6 Rxe6 32. Rab1 b6 33. a5 Bh6 34.
Bxh6+ Nxh6 35. axb6 axb6 36. Ra1 Nhf7 37. Ra6 Ng5 38. Rb1 Nxc4 39. dxc4 Rxe4
40. Rf1 Re2+ 41. Rf2 1-0

[Event "VEM Münsterland 2023"]
[Site "Emsdetten"]
[Date "2023.06.08"]
[Round "1"]
[White "Gatterdam, Karl-Heinz"]
[Black "Wienen, Herrmann"]
[Result "1/2-1/2"]
[WhiteElo "1720"]
[BlackElo "2026"]

1. d4 Nf6 2. Nf3 d5 3. c4 c6 4. e3 g6 5. Nc3 Bg7 6. Bd3 O-O 7. O-O Nbd7 8. b3
e5 9. dxe5 Ng4 10. Bb2 Ndxe5 11. cxd5 cxd5 12. Be2 Be6 13. Nd4 Qh4 14. h3 Nh6
15. Nf3 Nxf3+ 16. Bxf3 Rad8 17. Qd2 Nf5 18. Ne2 d4 19. exd4 Nxd4 20. Bxd4 Bxd4
21. Nxd4 Rxd4 22. Qb2 b6 23. Rad1 Rfd8 24. Rxd4 Qxd4 25. Qxd4 Rxd4 26. Rd1
Rxd1+ 27. Bxd1 Kf8 28. Kf1 Ke7 29. Ke2 Kd6 30. Kd3 a5 31. Kd4 b5 32. a3 h5 33.
h4 f6 34. b4 axb4 35. axb4 Bd5 1/2-1/2

[Event "VEM Münsterland 2023"]
[Site "Emsdetten"]
[Date "2023.06.08"]
[Round "1"]
[White "Hoge, Reinhard"]
[Black "Baran Alan, Ada"]
[Result "1/2-1/2"]
[WhiteElo "2017"]
[BlackElo "1099"]

1. c4 Nf6 2. g3 e6 3. Bg2 d5 4. Nf3 Nbd7 5. O-O Be7 6. b3 e5 7. cxd5 Nxd5 8.
Bb2 Bf6 9. e4 Ne7 10. Re1 O-O 11. d4 Ng6 12. d5 Re8 13. Nbd2 Ndf8 14. Rc1 c6
15. dxc6 bxc6 16. Qc2 Bb7 17. Nc4 Qc7 18. Bc3 a5 19. Red1 Ne6 20. Qb2 Ng5 21.
Ne1 a4 22. Nd3 c5 23. f3 axb3 24. axb3 Ba6 25. Be1 Rab8 26. Bf2 Ne6 27. Qc2 Nd4
28. Bxd4 cxd4 29. Qa2 Bxc4 30. Rxc4 Qb6 31. Rb4 Qd6 32. Qa4 Ra8 33. Qb5 Be7 34.
Ra4 Rab8 35. Qd5 Qxd5 36. exd5 Rxb3 37. f4 f6 38. d6 Rxd3 39. Rxd3 Bxd6 40. f5
Ne7 41. Be4 Rc8 42. Rd2 Rc3 43. Kf2 Bc5 44. Bd3 g6 45. g4 gxf5 46. gxf5 Kg7 47.
Ra1 Kh6 48. Ke2 e4 49. Bb5 Rf3 50. Rf1 d3+ 51. Bxd3 Re3+ 52. Kd1 exd3 53. Rf4
Kg5 54. Rc4 Bd6 55. Rd4 1/2-1/2

[Event "VEM Münsterland 2023"]
[Site "Emsdetten"]
[Date "2023.06.08"]
[Round "2"]
[White "Baumann, Stephan"]
[Black "Junk, Phillip"]
[Result "1/2-1/2"]
[WhiteElo "2066"]
[BlackElo "2097"]

1. e4 c6 2. Ne2 d5 3. e5 g6 4. d4 Bg7 5. Nd2 c5 6. c3 Nc6 7. Nf3 Bg4 8. Nf4
cxd4 9. cxd4 Bxf3 10. gxf3 e6 11. Be3 Qa5+ 12. Qd2 Qxd2+ 13. Kxd2 Nge7 14. Bb5
Rc8 15. Nd3 O-O 16. Rac1 a6 17. Bxc6 Rxc6 18. Rxc6 Nxc6 19. Nc5 Na5 20. Kd3 Rc8
21. Rb1 Bf8 22. b4 Nc4 23. Nxb7 Rb8 24. Nc5 Bxc5 25. dxc5 Nxe5+ 26. Ke2 Nc6 27.
Bd2 e5 28. a4 Nd4+ 29. Ke3 f6 30. f4 Kf7 31. fxe5 fxe5 32. Kd3 Ne6 33. Rc1 Ke7
34. Bc3 Nf4+ 35. Kc2 d4 36. Bd2 Nd5 37. Kb3 Nxb4 38. Bxb4 a5 39. Kc4 Rxb4+ 40.
Kd5 Kd7 41. c6+ Kc7 42. Kxe5 Rxa4 43. Kd5 d3 44. Rc3 Rf4 45. Rxd3 Rxf2 46. Rh3
Rf5+ 47. Ke4 h5 48. Rg3 Rf6 49. Rg5 Kxc6 50. Rxa5 Kd6 51. Ra6+ Ke7 52. Rxf6
Kxf6 53. h4 Kg7 54. Ke5 Kh7 55. Ke4 Kh6 56. Kf4 Kg7 1/2-1/2

[Event "VEM Münsterland 2023"]
[Site "Emsdetten"]
[Date "2023.06.08"]
[Round "2"]
[White "Molinaroli, Martin"]
[Black "Gesing, Felix"]
[Result "0-1"]
[WhiteElo "2101"]
[BlackElo "2045"]

1. b3 e5 2. Bb2 d6 3. e3 Nf6 4. d4 Nbd7 5. c4 c6 6. Nf3 Qc7 7. Nc3 Be7 8. Be2
O-O 9. Qc2 a6 10. a4 b6 11. O-O Re8 12. Rac1 Nf8 13. h3 Ng6 14. Rfd1 Bf8 15.
dxe5 dxe5 16. Nd2 Qe7 17. Bf3 Bd7 18. Nde4 Bf5 19. Nxf6+ Qxf6 20. Be4 Bxe4 21.
Nxe4 Qh4 22. c5 b5 23. Nd6 Re6 24. axb5 axb5 25. Ra1 Rxa1 26. Bxa1 Qb4 27. Ne4
f5 28. Ng5 Rf6 29. Rd8 Qe1+ 30. Kh2 Qxa1 31. b4 Qa7 32. Qb3+ Kh8 33. Qd1 h6 34.
Rd7 Qa2 35. Nf3 Qxf2 36. Qb3 e4 37. Rd2 Qf1 38. Nd4 f4 39. Ne6 fxe3 0-1

[Event "VEM Münsterland 2023"]
[Site "Emsdetten"]
[Date "2023.06.08"]
[Round "2"]
[White "Baran Alan, Ada"]
[Black "Müller, Achim"]
[Result "0-1"]
[WhiteElo "2103"]
[BlackElo "1099"]

1. e4 c5 2. Nf3 Nc6 3. d4 cxd4 4. Nxd4 Nf6 5. Nc3 e5 6. Nb3 Bb4 7. Bd3 d5 8.
exd5 Nxd5 9. Bd2 Nxc3 10. bxc3 Bd6 11. O-O O-O 12. f4 Qc7 13. Qh5 g6 14. Qh4
Qe7 15. Qxe7 Nxe7 16. fxe5 Bxe5 17. Rae1 f6 18. Bh6 Rd8 19. Bc4+ Kh8 20. Bf4
Nc6 21. Bxe5 Nxe5 22. Bd3 Kg7 23. Be4 Rb8 24. Na5 Rd6 25. Rb1 b6 26. Nb3 Ba6
27. Rfd1 Rbd8 28. Nd4 Bc4 29. a4 Kf7 30. Bd3 Bd5 31. Rf1 Bc4 32. Rfd1 Rc8 33.
Rb4 a6 34. Rdb1 Bxd3 35. cxd3 Rxc3 36. Ne2 Rcxd3 37. Rxb6 Rd1+ 38. Rxd1 Rxb6
39. Nf4 Rb4 40. Nd5 Rxa4 41. Nc7 Ra2 42. h3 h5 43. Rd6 a5 44. Nd5 Rd2 45. Rxf6+
Kg7 46. Nc3 Rxg2+ 47. Kxg2 Kxf6 48. Kg3 g5 0-1

[Event "VEM Münsterland 2023"]
[Site "Emsdetten"]
[Date "2023.06.08"]
[Round "2"]
[White "Wienen, Herrmann"]
[Black "Wenning, Niels"]
[Result "1-0"]
[WhiteElo "2026"]
[BlackElo "1930"]

1. e4 e5 2. Nf3 Nc6 3. Bc4 Nf6 4. d3 Bc5 5. O-O O-O 6. c3 d5 7. exd5 Nxd5 8. b4
Be7 9. b5 Na5 10. Bxd5 Qxd5 11. c4 Qd8 12. Bd2 b6 13. Nxe5 Bf6 14. Bc3 Qd6 15.
Re1 Bf5 16. Qf3 Be6 17. Nd2 Qa3 18. Ne4 Rad8 19. Qg3 Kh8 20. Rac1 Rg8 21. Nxf6
gxf6 22. Nxf7+ 1-0

[Event "VEM Münsterland 2023"]
[Site "Emsdetten"]
[Date "2023.06.08"]
[Round "2"]
[White "Schulze Schwering, Philipp"]
[Black "Hoge, Reinhard"]
[Result "1/2-1/2"]
[WhiteElo "2005"]
[BlackElo "2017"]

1. d4 Nf6 2. Nf3 g6 3. g3 Bg7 4. Bg2 O-O 5. O-O d6 6. b3 Nbd7 7. Bb2 e5 8. c4
Re8 9. Nc3 c6 10. e4 exd4 11. Nxd4 Nc5 12. Re1 a5 13. Qd2 a4 14. Rab1 axb3 15.
axb3 Ng4 16. b4 Na4 17. Nxa4 Rxa4 18. Nc2 Ne5 19. Ne3 Be6 20. f4 Ng4 21. Nxg4
Bxg4 22. Bxg7 Kxg7 23. h3 Be6 24. Red1 Qb6+ 25. Kh2 h5 26. Qc3+ Kg8 27. Rxd6
Ra2 28. c5 Qb5 29. Rd2 Rea8 30. Rxa2 Rxa2 31. Rd1 Rxg2+ 32. Kh1 Rh2+ 1/2-1/2

[Event "VEM Münsterland 2023"]
[Site "Emsdetten"]
[Date "2023.06.08"]
[Round "2"]
[White "Lerke, Bernd"]
[Black "Gatterdam, Karl-Heinz"]
[Result "1-0"]
[WhiteElo "1921"]
[BlackElo "1720"]

1. Nf3 d5 2. c4 c6 3. e3 Nf6 4. b3 e6 5. Bb2 Nbd7 6. Be2 Bd6 7. O-O O-O 8. d3
Re8 9. Nbd2 b6 10. Nd4 Bb7 11. cxd5 Nxd5 12. Ne4 Be7 13. Rc1 Rc8 14. a3 N7f6
15. Ng3 Qd7 16. Qd2 c5 17. Nf3 Bd6 18. Ne5 Qd8 19. e4 Ne7 20. Qg5 Ng6 21. Nxg6
hxg6 22. e5 1-0

[Event "VEM Münsterland 2023"]
[Site "Emsdetten"]
[Date "2023.06.08"]
[Round "2"]
[White "Boldrick, Marcel"]
[Black "Meyer, Ulrich"]
[Result "1/2-1/2"]
[WhiteElo "1746"]
[BlackElo "1857"]

1. e4 c5 2. Nf3 Nc6 3. d4 cxd4 4. Nxd4 e5 5. Nb5 a6 6. Nd6+ Bxd6 7. Qxd6 Qf6 8.
Qd1 Qg6 9. Nc3 Nge7 10. Be3 d5 11. Nxd5 Nxd5 12. Qxd5 Be6 13. Qd2 Qxe4 14. f3
Qa4 15. Bd3 O-O 16. a3 Rfd8 17. Qf2 Nd4 18. Bxd4 Qxd4 19. Qxd4 Rxd4 20. Kf2
Rad8 21. Rhe1 f6 22. Re2 Kf7 23. Rae1 h6 24. Re4 a5 25. Rxd4 Rxd4 26. Re4 Rxe4
27. Bxe4 b6 28. Ke3 f5 29. Bb7 g5 30. Kd3 Ke7 31. b4 axb4 32. axb4 Kd6 33. c4
h5 34. Ba8 Bf7 35. Bb7 Bg6 36. Bd5 h4 37. h3 Be8 38. Bg8 Bd7 39. Bf7 Bc6 40.
Bg6 e4+ 41. fxe4 Bxe4+ 42. Ke3 Ke5 43. Kf2 Kd4 44. Bf7 Bd3 45. c5 bxc5 46. bxc5
Kxc5 47. Bh5 Kd4 48. Be8 Ke4 49. Bd7 Kf4 50. Bc8 Bc4 51. Bd7 Ke5 52. Bc8 Be6
53. Ba6 Kf4 54. Bb7 Bb3 55. Bc6 Bc2 56. Bd7 Be4 57. Bc8 g4 58. hxg4 fxg4 59.
g3+ hxg3+ 1/2-1/2

[Event "VEM Münsterland 2023"]
[Site "Steinfurt"]
[Date "2023.06.10"]
[Round "3"]
[White "Gesing, Felix"]
[Black "Baumann, Stephan"]
[Result "1/2-1/2"]
[WhiteElo "2045"]
[BlackElo "2066"]

1. Nf3 Nf6 2. g3 d6 3. Bg2 e5 4. d3 Nc6 5. O-O Be7 6. e4 O-O 7. c3 d5 8. Qc2
Bg4 9. Nbd2 Qd7 10. b4 Bd6 11. Re1 dxe4 12. dxe4 Ne7 13. Nc4 Ng6 14. Bg5 Qe6
15. Ne3 Bxf3 16. Bxf3 h6 17. Bxf6 Qxf6 18. Bg2 1/2-1/2

[Event "VEM Münsterland 2023"]
[Site "Steinfurt"]
[Date "2023.06.10"]
[Round "3"]
[White "Müller, Achim"]
[Black "Wienen, Hermann"]
[Result "1-0"]
[WhiteElo "2103"]
[BlackElo "2026"]

1. e4 c5 2. Nf3 d6 3. d4 cxd4 4. Nxd4 Nf6 5. Nc3 a6 6. Bc4 Nc6 7. Nxc6 bxc6 8.
e5 Ng8 9. Qf3 e6 10. exd6 Qxd6 11. O-O Bb7 12. Bf4 Qb4 13. Bb3 Nf6 14. a3 Qa5
15. Rfe1 Be7 16. Re5 Qb6 17. Qg3 c5 18. Rd1 Rd8 19. Rxd8+ Bxd8 20. Na4 Qa5 21.
Nxc5 Bc6 22. Nxe6 1-0

[Event "VEM Münsterland 2023"]
[Site "Steinfurt"]
[Date "2023.06.10"]
[Round "3"]
[White "Junk, Phillip"]
[Black "Schulze Schwering, Philipp"]
[Result "1-0"]
[WhiteElo "2097"]
[BlackElo "2005"]

1. e4 c6 2. Nc3 d5 3. Nf3 dxe4 4. Nxe4 Nf6 5. Qe2 Nxe4 6. Qxe4 Nd7 7. Bc4 Nf6
8. Ne5 e6 9. Qe2 b5 10. Bb3 Qc7 11. d4 a5 12. c3 Bd6 13. O-O O-O 14. f4 c5 15.
Be3 a4 16. Bc2 Ba6 17. Rf3 b4 18. Qf2 g6 19. Qh4 Be7 20. Rh3 Nh5 21. Qf2 Nf6
22. Bxa4 bxc3 23. bxc3 Ne4 24. Qc2 Bb7 25. Bb5 Qa5 26. Bc6 Qxc3 27. Qxc3 Nxc3
28. Bxb7 cxd4 29. Bxa8 Rxa8 30. Bf2 1-0

[Event "VEM Münsterland 2023"]
[Site "Steinfurt"]
[Date "2023.06.10"]
[Round "3"]
[White "Hoge, Reinhard"]
[Black "Lerke, Bernd"]
[Result "1/2-1/2"]
[WhiteElo "2017"]
[BlackElo "1921"]

1. c4 Nf6 2. Nc3 d5 3. cxd5 Nxd5 4. d4 e6 5. e4 Nxc3 6. bxc3 Be7 7. Nf3 O-O 8.
Bd3 c5 9. O-O b6 10. Qe2 Bb7 11. Bb2 Nd7 12. Rad1 Qc7 13. d5 exd5 14. exd5 Bf6
15. c4 Rfe8 16. Qc2 Bxb2 17. Qxb2 Qf4 18. Rfe1 h6 19. Re2 Kf8 20. Rde1 Qf6 21.
Qb5 Rxe2 22. Rxe2 Rd8 23. h3 a6 24. Qb1 b5 25. Be4 Nb6 26. cxb5 a5 27. Qc1 Qd6
28. Nh4 Nxd5 29. Rc2 Qe5 30. f3 Qd4+ 31. Kh1 Nb4 32. Re2 Bxe4 1/2-1/2

[Event "VEM Münsterland 2023"]
[Site "Steinfurt"]
[Date "2023.06.10"]
[Round "3"]
[White "Gatterdam, Karl-Heinz"]
[Black "Molinaroli, Martin"]
[Result "0-1"]
[WhiteElo "2101"]
[BlackElo "1720"]

1. d4 g6 2. e4 Bg7 3. Nc3 c5 4. dxc5 Bxc3+ 5. bxc3 Qa5 6. Bb2 Nc6 7. Bd3 Qxc5
8. Nf3 Nf6 9. O-O d6 10. Qe2 Ne5 11. Nxe5 dxe5 12. Kh1 Nh5 13. f3 O-O 14. Qf2
Qxf2 15. Rxf2 Be6 16. Ba3 Rfc8 17. Bxe7 Rxc3 18. g3 Kg7 19. a3 f6 20. Rb1 b6
21. Rd2 Kf7 22. Bb4 Rc7 23. Rdd1 Rd8 24. Kg2 Rdc8 25. Kf2 g5 26. Bd2 Bc4 27.
Ke3 Ng7 28. Bb4 Bxd3 29. cxd3 Ne6 30. Bd2 Nd4 31. a4 Rc2 32. Rbc1 Rxd2 0-1

[Event "VEM Münsterland 2023"]
[Site "Steinfurt"]
[Date "2023.06.10"]
[Round "3"]
[White "Wenning, Niels"]
[Black "Boldrick, Marcel"]
[Result "1-0"]
[WhiteElo "1930"]
[BlackElo "1746"]

1. e4 e5 2. Nf3 Nf6 3. d4 Nxe4 4. Bd3 d5 5. Nxe5 Bd6 6. O-O Bxe5 7. dxe5 Nc6 8.
f4 f5 9. Nd2 Be6 10. Nf3 Qe7 11. Bb5 Qc5+ 12. Nd4 Bd7 13. Be3 Nxd4 14. Bxd7+
Kxd7 15. Bxd4 Qe7 16. c4 c5 17. Bf2 d4 18. b4 b6 19. bxc5 bxc5 20. Qa4+ Ke6 21.
Rab1 Kf7 22. Qc6 Rab8 23. g4 g6 24. Qd5+ Qe6 25. Rb7+ Rxb7 26. Qxb7+ Qe7 27.
e6+ Kf8 28. Qb8+ Kg7 29. Qe5+ Qf6 30. Qc7+ Kh6 31. g5+ Nxg5 32. fxg5+ Qxg5+ 33.
Qg3 Re8 34. Re1 f4 35. Qxg5+ Kxg5 36. Re5+ Kf6 37. Rxc5 Rxe6 38. Bxd4+ Kf7 39.
Rc7+ 1-0

[Event "VEM Münsterland 2023"]
[Site "Steinfurt"]
[Date "2023.06.10"]
[Round "3"]
[White "Meyer, Ulrich"]
[Black "Alan, Ada Baran"]
[Result "1-0"]
[WhiteElo "1857"]
[BlackElo "1099"]

1. e4 c5 2. Nc3 Nc6 3. g3 g6 4. Bg2 Bg7 5. d3 d6 6. Be3 Nf6 7. h3 Qb6 8. Qd2
Nd4 9. Nd1 h6 10. c3 Nc6 11. Ne2 Qa6 12. f4 Bd7 13. O-O b5 14. d4 O-O-O 15. Nf2
Kb8 16. b3 Bc8 17. a4 b4 18. Rfb1 Nd7 19. cxb4 Nxb4 20. Rc1 Bb7 21. Rab1 Qa5
22. Nd3 Ba6 23. Nxb4 Qxb4 24. Qxb4+ cxb4 25. Kf2 Rc8 26. e5 Bd3 27. Rxc8+ Rxc8
28. Rc1 Rc2 29. Rxc2 Bxc2 30. Nc1 Kc7 31. Ke2 f5 32. Kd2 Be4 33. Bf1 a5 34. Bc4
d5 35. Bb5 e6 36. g4 Bg2 37. gxf5 gxf5 38. h4 Bf8 39. Be2 Bh3 40. Bh5 Kd8 41.
Bf2 Be7 42. Nd3 Bf8 43. Bf3 Bg4 44. Bxg4 fxg4 45. h5 Nb8 46. Bg3 Nc6 47. Ke3
1-0

[Event "VEM Münsterland 2023"]
[Site "Steinfurt"]
[Date "2023.06.10"]
[Round "4"]
[White "Gesing, Felix"]
[Black "Junk, Phillip"]
[Result "0-1"]
[WhiteElo "2045"]
[BlackElo "2097"]

1. e4 c6 2. d3 d5 3. Nd2 g6 4. Ngf3 Bg7 5. g3 dxe4 6. dxe4 Nf6 7. Bg2 Bg4 8. h3
Bxf3 9. Qxf3 Nbd7 10. O-O O-O 11. Qe2 e5 12. b3 Re8 13. Ba3 Bf8 14. Bxf8 Nxf8
15. Nc4 Qc7 16. Rad1 Rad8 17. Qe3 b5 18. Qg5 Nxe4 19. Bxe4 bxc4 20. Rxd8 Rxd8
21. bxc4 Kg7 22. h4 Rd4 23. Bd3 Ne6 24. Qe3 Qd6 25. Re1 f6 26. Rb1 Nc5 27. Bf1
f5 28. Qa3 a6 29. Qc3 Kf6 30. Bg2 Rd1+ 31. Rxd1 Qxd1+ 32. Kh2 Qd6 33. Qe3 e4
34. Qg5+ Kg7 35. Qe3 Nd7 36. Bf1 c5 37. c3 Nf8 38. Be2 Ne6 39. Kg1 Kf6 40. Qh6
Qd7 41. Kg2 Qb7 42. Qd2 e3+ 43. Qd5 Qb2 44. Qf3 exf2 45. Kxf2 Qxa2 46. g4 Qd2
47. gxf5 gxf5 48. Qh5 Qf4+ 49. Ke1 h6 50. Kd1 Ng7 51. Qf3 Qxf3 52. Bxf3 f4 53.
Kc2 Nf5 54. h5 Nh4 55. Bd1 Kf5 56. Kb3 f3 57. Ka4 f2 58. Be2 Ke5 59. Ka5 Nf5
60. Kxa6 Ng3 61. Bd3 f1=Q 62. Bxf1 Nxf1 63. Kb6 Kd6 0-1

[Event "VEM Münsterland 2023"]
[Site "Steinfurt"]
[Date "2023.06.10"]
[Round "4"]
[White "Baumann, Stephan"]
[Black "Müller, Achim"]
[Result "1-0"]
[WhiteElo "2066"]
[BlackElo "2103"]

1. e4 c5 2. Nc3 a6 3. f4 b5 4. g3 Bb7 5. Bg2 e6 6. d3 d5 7. f5 d4 8. fxe6 fxe6
9. Nce2 e5 10. Nf3 Nc6 11. O-O Be7 12. c3 Bf6 13. cxd4 cxd4 14. Bd2 Nge7 15.
Qb3 h6 16. Rac1 Bc8 17. Nh4 Qd6 18. Nf5 Qe6 19. Qc2 O-O 20. Bh3 Qxa2 21. Ra1
Qf7 22. Nd6 Qh5 23. Bxc8 Qxe2 24. Rae1 Qh5 25. Be6+ Kh7 26. Kg2 Bg5 27. Bf7 Qg4
28. Bxg5 hxg5 29. Rf5 Nxf5 30. exf5 Rxf7 31. Nxf7 Ne7 32. Nxe5 Qxf5 33. Nf3 Rf8
34. Nxd4 Qf6 35. Ne6 Rc8 36. Qd2 Kg6 37. d4 Qf5 38. Re2 Nd5 39. Nc5 Nb6 40. Re5
Qb1 41. Rxg5+ Kh7 42. Qe2 Re8 43. Re5 Rd8 44. Re7 Rxd4 45. Ne6 Rc4 46. Rxg7+
Kh8 47. Rc7 Re4 48. Rc8+ 1-0

[Event "VEM Münsterland 2023"]
[Site "Steinfurt"]
[Date "2023.06.10"]
[Round "4"]
[White "Molinaroli, Martin"]
[Black "Hoge, Reinhard"]
[Result "1-0"]
[WhiteElo "2101"]
[BlackElo "2017"]

1. Nf3 d5 2. d4 Nf6 3. Bf4 g6 4. e3 Bg7 5. h3 O-O 6. c3 b6 7. Nbd2 Bb7 8. Bd3
c5 9. O-O Nc6 10. dxc5 bxc5 11. e4 e6 12. Re1 Rc8 13. e5 Nd7 14. Nf1 Qc7 15.
Qe2 c4 16. Bc2 Nc5 17. N1h2 f5 18. exf6 Qxf4 19. fxg7 Kxg7 20. Qe3 Qxe3 21.
Rxe3 Rce8 22. b4 cxb3 23. axb3 a5 24. Nd4 1-0

[Event "VEM Münsterland 2023"]
[Site "Steinfurt"]
[Date "2023.06.10"]
[Round "4"]
[White "Wienen, Herrmann"]
[Black "Meyer, Ulrich"]
[Result "1-0"]
[WhiteElo "2026"]
[BlackElo "1857"]

1. e4 c5 2. Nc3 Nc6 3. Nf3 g6 4. Bc4 Bg7 5. O-O e6 6. Nb5 d5 7. exd5 exd5 8.
Bxd5 Nge7 9. Bc4 O-O 10. d3 a6 11. Nc3 b5 12. Bb3 Bb7 13. Bg5 h6 14. Be3 Nd4
15. Bxd4 cxd4 16. Ne4 Kh7 17. a4 f5 18. Nc5 Bd5 19. Re1 Bxb3 20. Nxb3 Qd6 21.
axb5 axb5 22. Nfxd4 Nd5 23. Ne6 Rfc8 24. Nxg7 Rxa1 25. Qxa1 Kxg7 26. Nd4 Qb6
27. Ne6+ Kh7 28. c3 Qb7 29. Qd1 Nf6 30. Nd4 Rd8 31. Re6 Kg7 32. Qe1 Rd7 33. Qe5
Rf7 34. Nxb5 Qd5 35. Qxd5 Nxd5 36. Rd6 Re7 37. Kf1 Nf4 38. c4 Kf7 39. c5 Ne6
40. c6 Ke8 41. Rxe6 1-0

[Event "VEM Münsterland 2023"]
[Site "Steinfurt"]
[Date "2023.06.10"]
[Round "4"]
[White "Lerke, Bernd"]
[Black "Wenning, Niels"]
[Result "0-1"]
[WhiteElo "1921"]
[BlackElo "1930"]

1. Nf3 d5 2. c4 e6 3. e3 Nf6 4. Be2 Be7 5. O-O O-O 6. b3 b6 7. cxd5 Nxd5 8. Bb2
Bb7 9. d3 Bf6 10. Bxf6 Qxf6 11. Nbd2 Nc3 12. Qe1 Rd8 13. Nc4 Na6 14. d4 Nxe2+
15. Qxe2 c5 16. dxc5 Nxc5 17. Rfd1 Ne4 18. Qb2 Qxb2 19. Nxb2 Nc3 20. Rxd8+ Rxd8
21. Nc4 Kf8 22. Nd4 Ke7 23. f3 Rc8 24. Kf2 Ba6 25. Ne5 Bb7 26. e4 f6 27. Nc4
Ba6 28. Rc1 Nxa2 29. Ra1 Nb4 30. Ra4 Nd3+ 31. Ke3 Nc5 32. Ra3 Rc7 33. Nxb6 axb6
34. b4 Bc8 35. Nb5 Rb7 36. bxc5 bxc5 37. Nc3 Rb2 38. Ne2 Bd7 39. h4 c4 40. Rc3
e5 41. h5 Kd6 42. g4 Kc5 43. Rc1 Kb4 44. Rd1 Ba4 45. Rd6 c3 46. h6 Bb5 47. Nc1
gxh6 48. Rxf6 Rd2 49. Rxh6 Bc4 50. Rxh7 Rd1 51. Rb7+ Ka3 52. Rb1 c2 53. Ra1+
Kb2 54. Ra4 Rd4 55. f4 Kxc1 56. fxe5 Rd3+ 57. Kf2 Bb3 0-1

[Event "VEM Münsterland 2023"]
[Site "Steinfurt"]
[Date "2023.06.10"]
[Round "4"]
[White "Schulze Schwering, Philipp"]
[Black "Boldrick, Marcel"]
[Result "1-0"]
[WhiteElo "2005"]
[BlackElo "1746"]

1. d4 Nf6 2. c4 c5 3. d5 b5 4. cxb5 a6 5. bxa6 g6 6. Nc3 Bxa6 7. Nf3 d6 8. g3
Qa5 9. Bd2 Bg7 10. Bg2 Nbd7 11. O-O O-O 12. Re1 Rfb8 13. Qc2 Qc7 14. Rad1 Nb6
15. Bc1 Bc4 16. e4 Bxa2 17. b3 Nbxd5 18. Nxa2 Rxb3 19. Qxb3 Nc3 20. Qc2 Nxd1
21. Rxd1 Nd7 22. Bb2 Qb6 23. Bxg7 Kxg7 24. Rb1 1-0

[Event "VEM Münsterland 2023"]
[Site "Steinfurt"]
[Date "2023.06.10"]
[Round "4"]
[White "Alan Baran, Ada"]
[Black "Gatterdam, Karl-Heinz"]
[Result "1-0"]
[WhiteElo "1099"]
[BlackElo "1720"]

1. e4 e5 2. Nf3 Nc6 3. Bc4 Bc5 4. c3 Nf6 5. d4 exd4 6. cxd4 Bb4+ 7. Nbd2 Nxe4
8. d5 Ne7 9. O-O Nxd2 10. Nxd2 Bxd2 11. Bxd2 d6 12. Rc1 O-O 13. Qh5 Bf5 14.
Rfe1 Bg6 15. Qh3 Re8 16. Bb5 Bf5 17. Qxf5 Nxf5 18. Rxe8+ Qxe8 19. Bxe8 Rxe8 20.
Rxc7 h6 21. Rxb7 Re7 22. Rxe7 Nxe7 23. Bb4 Nc8 24. f4 Kf8 25. Kf2 Ke7 26. Ke3
Nb6 27. Ke4 h5 28. h3 g6 29. g4 hxg4 30. hxg4 f6 31. b3 a6 32. Ba5 Nd7 33. b4
Nf8 34. a4 Nd7 35. Bc7 Nf8 36. b5 axb5 37. axb5 Nd7 38. Kd4 Nc5 39. Kc4 Kd7 40.
Bb6 Nb7 41. f5 g5 42. Bd4 Ke7 43. b6 1-0

[Event "VEM Münsterland 2023"]
[Site "Emsdetten"]
[Date "2023.06.11"]
[Round "5"]
[White "Junk, Phillip"]
[Black "Molinarolo, Martin"]
[Result "1/2-1/2"]
[WhiteElo "2097"]
[BlackElo "2101"]

1. e4 e5 2. Nf3 d6 3. Bc4 Be7 4. d4 exd4 5. Nxd4 Nf6 6. Nc3 O-O 7. O-O c6 8. a4
Nxe4 9. Nxe4 d5 10. Bd3 dxe4 11. Bxe4 Bf6 12. Nf3 Nd7 13. c3 Nc5 14. Bc2 Bg4
15. Be3 Ne6 16. h3 Bh5 17. g4 Bg6 18. Bxg6 hxg6 19. Qxd8 Rfxd8 20. Rfd1 Kf8 21.
Rxd8+ Bxd8 22. Rd1 Ke8 23. Ne5 Bc7 24. Nc4 Ke7 25. Kg2 g5 26. Re1 f6 27. Bc5+
Kf7 28. Bd6 Rc8 29. Bxc7 Rxc7 30. Nd6+ Ke7 31. Nf5+ Kf7 32. Nd6+ Ke7 33. Nf5+
Kf7 1/2-1/2